[Event "Turniej Przyjazni Polsko-Wegierskiej"]
[Site "Katowice"]
[Date "2018.05.05"]
[Round "4.4"]
[White "Omelja, Artem"]
[Black "Teclaf, Pawel"]
[Result "0-1"]
[BlackElo "2241"]
[WhiteElo "2483"]
[LiveChessVersion "1.4.8"]

1. Nf3 {[%clk 0:15:16]} Nf6 {[%clk 0:15:19]} 2. c4 {[%clk 0:15:24]} b6
{[%clk 0:15:08]} 3. g3 {[%clk 0:15:23]} Bb7 {[%clk 0:15:16]} 4. Bg2
{[%clk 0:15:31]} c5 {[%clk 0:15:16]} 5. O-O {[%clk 0:15:27]} e6 {[%clk 0:15:24]}
6. Nc3 {[%clk 0:15:27]} Be7 {[%clk 0:14:43]} 7. Re1 {[%clk 0:15:34]} a6
{[%clk 0:14:34]} 8. e4 {[%clk 0:15:40]} d6 {[%clk 0:14:42]} 9. d4
{[%clk 0:15:48]} cxd4 {[%clk 0:14:50]} 10. Nxd4 {[%clk 0:15:55]} Qc7
{[%clk 0:14:59]} 11. Be3 {[%clk 0:16:01]} Nbd7 {[%clk 0:14:25]} 12. f4
{[%clk 0:16:00]} O-O {[%clk 0:12:56]} 13. Rc1 {[%clk 0:16:06]} Rac8
{[%clk 0:12:30]} 14. g4 {[%clk 0:16:06]} g6 {[%clk 0:09:56]} 15. g5
{[%clk 0:15:51]} Nh5 {[%clk 0:09:17]} 16. f5 {[%clk 0:15:57]} exf5
{[%clk 0:09:26]} 17. Nxf5 {[%clk 0:15:50]} Ne5 {[%clk 0:08:32]} 18. Nxe7+
{[%clk 0:11:52]} Qxe7 {[%clk 0:08:41]} 19. b3 {[%clk 0:12:01]} f5
{[%clk 0:06:31]} 20. gxf6 {[%clk 0:11:02]} Nxf6 {[%clk 0:06:37]} 21. h3
{[%clk 0:11:00]} Nfg4 {[%clk 0:03:30]} 22. hxg4 {[%clk 0:08:51]} Qh4
{[%clk 0:03:39]} 23. Qxd6 {[%clk 0:07:11]} Nxg4 {[%clk 0:03:37]} 24. Rf1
{[%clk 0:00:40]} Nxe3 {[%clk 0:03:27]} 25. Qe6+ {[%clk 0:00:33]} Kg7
{[%clk 0:02:47]} 26. Qe5+ {[%clk 0:00:35]} Kg8 {[%clk 0:02:04]} 27. Qe6+
{[%clk 0:00:33]} Kg7 {[%clk 0:02:04]} 28. Qe5+ {[%clk 0:00:41]} Kh6
{[%clk 0:01:59]} 29. Rxf8 {[%clk 0:00:30]} Rxf8 {[%clk 0:02:08]} 30. Qh2
{[%clk 0:00:23]} Qxh2+ {[%clk 0:02:17]} 31. Kxh2 {[%clk 0:00:32]} Rf2
{[%clk 0:02:26]} 32. Rg1 {[%clk 0:00:29]} Rc2 {[%clk 0:02:18]} 33. Nd5
{[%clk 0:00:34]} Bxd5 {[%clk 0:02:26]} 34. exd5 {[%clk 0:00:16]} Rxa2
{[%clk 0:02:32]} 35. Kg3 {[%clk 0:00:13]} Nxg2 {[%clk 0:02:35]} 36. Rxg2
{[%clk 0:00:12]} Rxg2+ 37. Kxg2 {[%clk 0:00:21]} Kg5 {[%clk 0:02:49]} 38. Kf3
{[%clk 0:00:16]} Kf5 {[%clk 0:02:57]} 39. Kg3 {[%clk 0:00:20]} a5
{[%clk 0:02:56]} 40. Kh4 {[%clk 0:00:22]} h6 {[%clk 0:03:05]} 41. Kg3
{[%clk 0:00:31]} Ke5 {[%clk 0:03:14]} 42. Kg4 {[%clk 0:00:40]} b5
{[%clk 0:03:22]} 43. Kf3 {[%clk 0:00:21]} bxc4 {[%clk 0:03:30]} 44. bxc4
{[%clk 0:00:29]} h5 {[%clk 0:03:38]} 0-1

[Event "Turniej Przyjazni Polsko-Wegierskiej"]
[Site "Katowice"]
[Date "2018.05.05"]
[Round "4.5"]
[White "Hnydiuk, Aleksander"]
[Black "Gumula, Daniel"]
[Result "1/2-1/2"]
[BlackElo "2207"]
[WhiteElo "2408"]
[LiveChessVersion "1.4.8"]

1. d4 Nf6 {[%clk 0:12:45]} 2. c4 {[%clk 0:15:13]} Nc6 {[%clk 0:12:52]} 3. Nf3
{[%clk 0:15:18]} d6 {[%clk 0:10:06]} 4. g3 {[%clk 0:11:19]} Bg4 {[%clk 0:09:33]}
5. Bg2 {[%clk 0:11:28]} e5 {[%clk 0:09:24]} 6. Nc3 {[%clk 0:11:21]} Qd7
{[%clk 0:07:44]} 7. dxe5 {[%clk 0:09:57]} dxe5 {[%clk 0:07:42]} 8. Qxd7+
{[%clk 0:10:05]} Nxd7 {[%clk 0:07:18]} 9. Be3 {[%clk 0:07:36]} f6
{[%clk 0:06:44]} 10. O-O-O {[%clk 0:07:17]} O-O-O {[%clk 0:06:20]} 11. Nh4
{[%clk 0:03:08]} Bc5 {[%clk 0:04:29]} 12. Bxc5 {[%clk 0:02:09]} Nxc5
{[%clk 0:04:38]} 13. Bxc6 {[%clk 0:01:25]} bxc6 14. b4 Ne6 15. f3 Bh5 16. Nf5 Kb7
1/2-1/2

[Event "Turniej Przyjazni Polsko-Wegierskiej"]
[Site "Katowice"]
[Date "2018.05.05"]
[Round "4.6"]
[White "Razin, Vadim"]
[Black "Cieslar, Michal"]
[Result "1-0"]
[BlackElo "2153"]
[WhiteElo "2373"]
[LiveChessVersion "1.4.8"]

1. d4 {[%clk 0:15:19]} d6 {[%clk 0:15:17]} 2. Nf3 {[%clk 0:15:26]} g6
{[%clk 0:15:23]} 3. e4 {[%clk 0:15:32]} Bg7 {[%clk 0:15:31]} 4. c3
{[%clk 0:15:35]} Nf6 {[%clk 0:15:31]} 5. Qc2 {[%clk 0:15:15]} O-O
{[%clk 0:15:31]} 6. Be2 {[%clk 0:15:20]} Nc6 {[%clk 0:15:33]} 7. O-O
{[%clk 0:15:21]} e5 {[%clk 0:15:41]} 8. dxe5 {[%clk 0:14:40]} dxe5
{[%clk 0:15:10]} 9. Bg5 {[%clk 0:14:42]} h6 {[%clk 0:15:18]} 10. Bh4
{[%clk 0:14:12]} Qe8 {[%clk 0:15:17]} 11. Na3 {[%clk 0:13:24]} a6
{[%clk 0:15:24]} 12. Nc4 {[%clk 0:13:23]} Nh5 {[%clk 0:15:12]} 13. Ne3
{[%clk 0:12:25]} Nf4 {[%clk 0:15:11]} 14. Rfd1 {[%clk 0:12:09]} f5
{[%clk 0:15:02]} 15. Bc4+ {[%clk 0:11:32]} Kh8 {[%clk 0:15:03]} 16. exf5
{[%clk 0:05:57]} gxf5 {[%clk 0:13:56]} 17. Bg3 {[%clk 0:05:46]} Ne6
{[%clk 0:14:05]} 18. Nxf5 {[%clk 0:05:24]} Qh5 {[%clk 0:11:51]} 19. Nxg7
{[%clk 0:05:12]} Kxg7 {[%clk 0:11:43]} 20. Bd5 {[%clk 0:04:11]} Nf4
{[%clk 0:11:30]} 21. Bxc6 {[%clk 0:03:27]} bxc6 {[%clk 0:11:39]} 22. Qe4
{[%clk 0:03:32]} Bg4 {[%clk 0:11:48]} 23. Qxc6 {[%clk 0:02:42]} Ne2+
{[%clk 0:10:34]} 24. Kf1 {[%clk 0:02:08]} Nxg3+ {[%clk 0:10:33]} 25. hxg3
{[%clk 0:02:02]} Rxf3 {[%clk 0:09:56]} 26. gxf3 {[%clk 0:02:09]} Bxf3
{[%clk 0:09:04]} 27. Rd7+ {[%clk 0:02:06]} Kg8 {[%clk 0:09:13]} 28. Qe6+
{[%clk 0:02:15]} Kf8 {[%clk 0:09:22]} 29. Qe7+ {[%clk 0:02:23]} Kg8
{[%clk 0:09:31]} 30. Qg7# {[%clk 0:02:32]} 1-0

[Event "Turniej Przyjazni Polsko-Wegierskiej"]
[Site "Katowice"]
[Date "2018.05.05"]
[Round "4.7"]
[White "Janik, Igor"]
[Black "Lukasiewicz, Krzysztof"]
[Result "1/2-1/2"]
[BlackElo "2096"]
[WhiteElo "2356"]
[LiveChessVersion "1.4.8"]

1. e4 {[%clk 0:15:19]} c6 {[%clk 0:10:22]} 2. d4 {[%clk 0:14:53]} d5
{[%clk 0:10:31]} 3. e5 {[%clk 0:15:02]} Bf5 {[%clk 0:10:40]} 4. Nd2
{[%clk 0:15:11]} e6 {[%clk 0:10:42]} 5. Nb3 {[%clk 0:15:20]} Nd7 {[%clk 0:10:43]}
6. Nf3 {[%clk 0:15:27]} h6 {[%clk 0:10:40]} 7. Be2 {[%clk 0:15:36]} Ne7
{[%clk 0:10:49]} 8. O-O {[%clk 0:15:44]} Nc8 {[%clk 0:10:57]} 9. Bd2
{[%clk 0:15:53]} Be7 {[%clk 0:10:44]} 10. Rc1 {[%clk 0:16:01]} Ncb6
{[%clk 0:10:45]} 11. Ba5 {[%clk 0:15:18]} O-O {[%clk 0:10:38]} 12. c4
{[%clk 0:15:20]} dxc4 {[%clk 0:10:46]} 13. Bxc4 {[%clk 0:15:28]} Qc8
{[%clk 0:10:44]} 14. Bd3 {[%clk 0:15:31]} Bxd3 {[%clk 0:10:11]} 15. Qxd3
{[%clk 0:15:39]} Nd5 {[%clk 0:09:37]} 16. Nfd2 {[%clk 0:14:49]} b6
{[%clk 0:09:18]} 17. Bc3 {[%clk 0:14:56]} Rd8 {[%clk 0:09:08]} 18. Ne4
{[%clk 0:14:35]} Qb7 {[%clk 0:07:38]} 19. Qg3 {[%clk 0:14:04]} Rac8
{[%clk 0:06:04]} 20. f4 {[%clk 0:12:47]} c5 {[%clk 0:06:06]} 21. f5
{[%clk 0:12:20]} exf5 {[%clk 0:05:53]} 22. dxc5 {[%clk 0:10:46]} Nxc3
{[%clk 0:04:27]} 23. Nxc3 {[%clk 0:10:53]} Nxc5 {[%clk 0:04:02]} 24. Rxf5
{[%clk 0:10:53]} Nxb3 {[%clk 0:03:28]} 25. axb3 {[%clk 0:11:02]} Bc5+
{[%clk 0:03:37]} 26. Kh1 {[%clk 0:11:09]} Bd4 {[%clk 0:03:11]} 27. Rcf1
{[%clk 0:10:56]} Bxc3 {[%clk 0:03:11]} 28. bxc3 {[%clk 0:11:05]} Rd2
{[%clk 0:03:13]} 29. h4 {[%clk 0:10:44]} Rxc3 {[%clk 0:03:09]} 30. Qg4
{[%clk 0:10:50]} Rcc2 {[%clk 0:02:19]} 31. Rxf7 {[%clk 0:10:56]} Qxg2+
{[%clk 0:01:45]} 32. Qxg2 {[%clk 0:11:02]} Rxg2 {[%clk 0:01:54]} 33. Rf8+
{[%clk 0:11:07]} Kh7 {[%clk 0:02:03]} 34. Re1 {[%clk 0:10:51]} Rce2
{[%clk 0:01:29]} 35. Rxe2 {[%clk 0:10:48]} Rxe2 {[%clk 0:01:38]} 36. Re8
{[%clk 0:10:57]} Kg6 {[%clk 0:01:46]} 37. Re7 {[%clk 0:11:06]} a5
{[%clk 0:01:34]} 38. Kg1 {[%clk 0:10:47]} Rb2 {[%clk 0:01:13]} 39. Re6+
{[%clk 0:10:54]} Kf5 {[%clk 0:01:22]} 40. Rxb6 {[%clk 0:11:03]} a4
{[%clk 0:00:49]} 41. e6 {[%clk 0:10:21]} Kf6 {[%clk 0:00:27]} 42. Ra6
{[%clk 0:09:41]} axb3 {[%clk 0:00:32]} 43. Rb6 {[%clk 0:09:49]} Ke7
{[%clk 0:00:19]} 44. Kh1 {[%clk 0:09:47]} Kf6 {[%clk 0:00:28]} 45. Kg1
{[%clk 0:09:56]} Ke7 {[%clk 0:00:36]} 46. Kh1 {[%clk 0:10:04]} Re2
{[%clk 0:00:22]} 47. Rxb3 {[%clk 0:10:12]} Kxe6 {[%clk 0:00:31]} 48. Rb7
{[%clk 0:09:39]} Kf6 {[%clk 0:00:24]} 49. Rb4 {[%clk 0:09:30]} Kf5
{[%clk 0:00:19]} 50. Rb7 {[%clk 0:07:55]} Kf6 {[%clk 0:00:14]} 51. Rb4
{[%clk 0:07:52]} Kf5 {[%clk 0:00:23]} 52. Rb7 {[%clk 0:08:01]} g6
{[%clk 0:00:18]} 53. h5 {[%clk 0:07:53]} g5 {[%clk 0:00:19]} 54. Rb6
{[%clk 0:07:41]} Kg4 {[%clk 0:00:27]} 55. Kg1 {[%clk 0:07:38]} Kxh5
{[%clk 0:00:35]} 56. Rb4 {[%clk 0:07:46]} Ra2 {[%clk 0:00:40]} 57. Rc4
{[%clk 0:07:54]} g4 {[%clk 0:00:45]} 58. Rc6 {[%clk 0:08:04]} Kg5
{[%clk 0:00:51]} 59. Rc4 {[%clk 0:08:11]} Kh4 {[%clk 0:00:58]} 60. Rc3
{[%clk 0:08:19]} h5 {[%clk 0:00:59]} 61. Kh1 {[%clk 0:08:27]} g3 {[%clk 0:01:02]}
62. Rc5 {[%clk 0:08:34]} Kg4 {[%clk 0:01:11]} 63. Rb5 {[%clk 0:08:33]} h4
{[%clk 0:01:18]} 64. Rb1 {[%clk 0:08:42]} Re2 {[%clk 0:00:57]} 65. Kg1
{[%clk 0:08:42]} h3 {[%clk 0:00:30]} 66. Kh1 {[%clk 0:08:46]} Kf3
{[%clk 0:00:26]} 67. Rf1+ {[%clk 0:08:48]} Rf2 {[%clk 0:00:19]} 68. Ra1
{[%clk 0:08:57]} g2+ {[%clk 0:00:23]} 69. Kh2 {[%clk 0:08:32]} Re2
{[%clk 0:00:16]} 70. Kxh3 {[%clk 0:07:12]} Re8 {[%clk 0:00:14]} 71. Ra3+
{[%clk 0:07:21]} Kf2 {[%clk 0:00:16]} 72. Ra2+ {[%clk 0:07:31]} Kf1
{[%clk 0:00:24]} 73. Ra1+ {[%clk 0:07:40]} Kf2 {[%clk 0:00:18]} 74. Ra2+
{[%clk 0:07:49]} Kf3 {[%clk 0:00:25]} 75. Ra3+ {[%clk 0:07:58]} 1/2-1/2

[Event "Turniej Przyjazni Polsko-Wegierskiej"]
[Site "Katowice"]
[Date "2018.05.05"]
[Round "4.8"]
[White "Piesik, Piotr"]
[Black "Popiol, Michal"]
[Result "1-0"]
[BlackElo "1926"]
[WhiteElo "2341"]
[LiveChessVersion "1.4.8"]

1. Nf3 {[%clk 0:15:18]} d5 2. g3 {[%clk 0:15:26]} g6 {[%clk 0:15:27]} 3. Bg2
{[%clk 0:15:34]} Bg7 {[%clk 0:15:35]} 4. d4 {[%clk 0:15:43]} Nf6 {[%clk 0:15:29]}
5. O-O {[%clk 0:15:51]} O-O {[%clk 0:15:37]} 6. c4 {[%clk 0:16:00]} c6
{[%clk 0:15:40]} 7. Nc3 {[%clk 0:16:08]} Nbd7 {[%clk 0:15:11]} 8. cxd5
{[%clk 0:16:15]} cxd5 {[%clk 0:15:05]} 9. Qb3 {[%clk 0:16:02]} Nb6
{[%clk 0:14:38]} 10. Bf4 {[%clk 0:15:47]} Nh5 {[%clk 0:14:05]} 11. Be3
{[%clk 0:15:14]} e6 {[%clk 0:13:10]} 12. Bg5 {[%clk 0:14:45]} Nf6
{[%clk 0:11:47]} 13. Ne5 {[%clk 0:14:39]} h6 {[%clk 0:11:14]} 14. Be3
{[%clk 0:14:43]} Nfd7 {[%clk 0:11:21]} 15. f4 {[%clk 0:14:37]} Nxe5
{[%clk 0:11:01]} 16. fxe5 {[%clk 0:14:41]} Nc4 {[%clk 0:11:09]} 17. Bc1
{[%clk 0:14:24]} Na5 {[%clk 0:07:56]} 18. Qd1 {[%clk 0:14:20]} Bd7
{[%clk 0:07:53]} 19. e4 {[%clk 0:14:26]} dxe4 {[%clk 0:07:54]} 20. Nxe4
{[%clk 0:14:30]} Bc6 {[%clk 0:08:00]} 21. Nd6 {[%clk 0:13:39]} Bxg2
{[%clk 0:08:04]} 22. Kxg2 {[%clk 0:13:48]} f6 {[%clk 0:07:53]} 23. Qg4
{[%clk 0:10:20]} fxe5 {[%clk 0:07:32]} 24. Qxe6+ {[%clk 0:10:28]} Kh7
{[%clk 0:07:39]} 25. Rxf8 {[%clk 0:10:20]} Qxf8 {[%clk 0:07:39]} 26. dxe5
{[%clk 0:10:28]} Nc6 {[%clk 0:07:05]} 27. Bf4 {[%clk 0:10:32]} g5
{[%clk 0:06:38]} 28. Be3 {[%clk 0:08:35]} Bxe5 {[%clk 0:05:31]} 29. Nxb7
{[%clk 0:08:26]} Qe8 {[%clk 0:04:20]} 30. Qf5+ {[%clk 0:08:17]} Kh8
{[%clk 0:04:29]} 31. Rd1 {[%clk 0:08:00]} Bg7 {[%clk 0:04:09]} 32. Bf2
{[%clk 0:07:10]} Ne5 {[%clk 0:03:12]} 33. Qe4 {[%clk 0:07:04]} g4
{[%clk 0:02:23]} 34. Nd6 {[%clk 0:06:58]} Qf8 {[%clk 0:02:19]} 35. Nf5
{[%clk 0:06:32]} Bf6 {[%clk 0:02:00]} 36. Nxh6 {[%clk 0:05:37]} Rb8
{[%clk 0:01:43]} 37. Nxg4 {[%clk 0:04:21]} Nxg4 {[%clk 0:01:25]} 38. Qxg4
{[%clk 0:04:30]} Rxb2 {[%clk 0:01:34]} 39. Qh5+ {[%clk 0:04:25]} Kg8
{[%clk 0:01:43]} 40. Qd5+ {[%clk 0:04:15]} Kh8 {[%clk 0:01:52]} 41. Rd2
{[%clk 0:04:18]} Rxd2 {[%clk 0:00:56]} 42. Qxd2 {[%clk 0:04:27]} Qa8+
{[%clk 0:01:05]} 43. Kg1 {[%clk 0:04:36]} Qc6 {[%clk 0:00:44]} 44. Bxa7
{[%clk 0:03:49]} Kg8 {[%clk 0:00:44]} 45. Be3 {[%clk 0:03:43]} Kf7
{[%clk 0:00:52]} 46. Qd3 {[%clk 0:03:46]} Qe6 {[%clk 0:00:48]} 47. Qb3
{[%clk 0:03:52]} 1-0

[Event "Turniej Przyjazni Polsko-Wegierskiej"]
[Site "Katowice"]
[Date "2018.05.05"]
[Round "4.9"]
[White "Bartel, Michal"]
[Black "Flis, Pawel"]
[Result "1-0"]
[BlackElo "1818"]
[WhiteElo "2320"]
[LiveChessVersion "1.4.8"]

1. e4 {[%clk 0:15:17]} e5 {[%clk 0:15:18]} 2. Nc3 {[%clk 0:15:25]} Nf6
{[%clk 0:15:26]} 3. g3 {[%clk 0:15:33]} d5 {[%clk 0:15:28]} 4. exd5
{[%clk 0:15:41]} Nxd5 {[%clk 0:15:35]} 5. Bg2 {[%clk 0:15:50]} Nxc3
{[%clk 0:15:36]} 6. bxc3 {[%clk 0:15:58]} Bc5 {[%clk 0:15:21]} 7. Ne2
{[%clk 0:16:06]} Nc6 {[%clk 0:15:25]} 8. Rb1 {[%clk 0:16:14]} O-O
{[%clk 0:15:21]} 9. O-O {[%clk 0:16:21]} Bb6 {[%clk 0:14:23]} 10. d3
{[%clk 0:16:19]} Be6 {[%clk 0:14:20]} 11. c4 {[%clk 0:16:25]} Qd7
{[%clk 0:12:10]} 12. Ba3 {[%clk 0:16:26]} Rfe8 {[%clk 0:12:14]} 13. c5
{[%clk 0:16:27]} Ba5 {[%clk 0:12:19]} 14. Rxb7 {[%clk 0:16:28]} Bxa2
{[%clk 0:12:01]} 15. c4 {[%clk 0:16:13]} Rab8 {[%clk 0:11:48]} 16. Qa4
{[%clk 0:16:13]} e4 {[%clk 0:10:10]} 17. Rxb8 {[%clk 0:15:48]} Nxb8
{[%clk 0:10:03]} 18. Qxa5 {[%clk 0:14:31]} exd3 {[%clk 0:10:04]} 19. Nf4
{[%clk 0:14:27]} Bxc4 {[%clk 0:09:48]} 20. Rd1 {[%clk 0:14:22]} g5
{[%clk 0:07:18]} 21. Qc3 {[%clk 0:14:04]} Qa4 {[%clk 0:05:22]} 22. Ra1
{[%clk 0:12:40]} Qc2 {[%clk 0:04:45]} 23. Qxc2 {[%clk 0:12:38]} dxc2
{[%clk 0:04:51]} 24. Nd5 {[%clk 0:12:37]} Rd8 {[%clk 0:04:08]} 25. Ne3
{[%clk 0:12:43]} Bb3 {[%clk 0:04:08]} 26. Bf3 {[%clk 0:12:38]} Nd7
{[%clk 0:03:58]} 27. Be4 {[%clk 0:12:38]} Ne5 {[%clk 0:03:26]} 28. Bxc2
{[%clk 0:12:43]} Bxc2 {[%clk 0:03:17]} 29. Nxc2 {[%clk 0:12:52]} Rd2
{[%clk 0:03:23]} 30. Ne3 {[%clk 0:12:48]} g4 {[%clk 0:02:55]} 31. Bb4
{[%clk 0:12:24]} Re2 {[%clk 0:02:38]} 32. Kf1 {[%clk 0:12:26]} Rb2
{[%clk 0:01:34]} 33. Bc3 {[%clk 0:12:34]} 1-0

[Event "Turniej Przyjazni Polsko-Wegierskiej"]
[Site "Katowice"]
[Date "2018.05.05"]
[Round "4.10"]
[White "Zylka, Stanislaw"]
[Black "Kempinski, Robert"]
[Result "0-1"]
[BlackElo "2583"]
[WhiteElo "2180"]
[LiveChessVersion "1.4.8"]

1. d4 {[%clk 0:15:17]} Nf6 {[%clk 0:15:14]} 2. Bg5 {[%clk 0:15:23]} c5
{[%clk 0:15:11]} 3. d5 {[%clk 0:15:23]} Qb6 {[%clk 0:14:58]} 4. Bc1
{[%clk 0:12:16]} e6 {[%clk 0:14:56]} 5. Nc3 {[%clk 0:12:18]} exd5
{[%clk 0:13:32]} 6. Nxd5 {[%clk 0:12:24]} Nxd5 {[%clk 0:13:39]} 7. Qxd5
{[%clk 0:12:32]} Nc6 {[%clk 0:13:23]} 8. Nf3 {[%clk 0:12:09]} Be7
{[%clk 0:13:07]} 9. e4 {[%clk 0:11:55]} Nb4 {[%clk 0:10:33]} 10. Qc4
{[%clk 0:07:00]} d5 {[%clk 0:09:42]} 11. exd5 {[%clk 0:07:07]} Bf5
{[%clk 0:09:23]} 12. Bd3 {[%clk 0:06:40]} Bxd3 {[%clk 0:05:31]} 13. cxd3
{[%clk 0:06:48]} Rd8 {[%clk 0:05:00]} 14. O-O {[%clk 0:06:22]} O-O
{[%clk 0:05:07]} 15. d4 {[%clk 0:05:11]} cxd4 {[%clk 0:04:12]} 16. Qxd4
{[%clk 0:04:25]} Qxd4 {[%clk 0:04:20]} 17. Nxd4 {[%clk 0:04:33]} Bf6
{[%clk 0:04:29]} 18. Be3 {[%clk 0:03:29]} Nxd5 {[%clk 0:04:32]} 19. Rad1
{[%clk 0:03:37]} Nxe3 {[%clk 0:04:11]} 20. fxe3 {[%clk 0:03:45]} Rfe8
{[%clk 0:04:18]} 21. Kf2 {[%clk 0:03:51]} Re4 {[%clk 0:04:00]} 22. Kf3
{[%clk 0:03:11]} Rde8 {[%clk 0:04:06]} 23. Rd3 {[%clk 0:03:01]} h5
{[%clk 0:04:13]} 24. Rc1 {[%clk 0:01:55]} Rxe3+ {[%clk 0:03:58]} 25. Rxe3
{[%clk 0:01:55]} Rxe3+ {[%clk 0:04:06]} 26. Kxe3 {[%clk 0:02:04]} Bg5+
{[%clk 0:04:14]} 27. Ke4 {[%clk 0:02:10]} Bxc1 {[%clk 0:04:21]} 28. b3
{[%clk 0:02:19]} a6 {[%clk 0:04:11]} 29. Kd5 {[%clk 0:02:05]} Kf8
{[%clk 0:03:43]} 30. Ne2 {[%clk 0:02:14]} Ba3 {[%clk 0:03:46]} 31. Kc4
{[%clk 0:01:42]} Bd6 {[%clk 0:03:30]} 32. h3 {[%clk 0:01:48]} Ke7
{[%clk 0:03:38]} 33. Kd5 {[%clk 0:01:52]} f5 {[%clk 0:03:30]} 34. Nd4
{[%clk 0:01:35]} g6 {[%clk 0:03:38]} 35. a4 {[%clk 0:01:26]} Ba3 {[%clk 0:03:10]}
36. Nc2 {[%clk 0:01:34]} Bb2 {[%clk 0:03:10]} 37. b4 {[%clk 0:01:30]} g5
{[%clk 0:03:17]} 38. Ne3 {[%clk 0:00:54]} Kf6 {[%clk 0:03:21]} 39. Nc4
{[%clk 0:01:00]} Bc3 {[%clk 0:03:20]} 40. b5 {[%clk 0:01:09]} axb5
{[%clk 0:03:14]} 41. axb5 {[%clk 0:01:17]} Bb4 {[%clk 0:02:45]} 42. Ne3
{[%clk 0:00:33]} g4 {[%clk 0:02:37]} 43. Kc4 Bd2 {[%clk 0:02:28]} 44. Nd5+
{[%clk 0:00:15]} Ke5 {[%clk 0:02:35]} 45. Ne7 {[%clk 0:00:20]} Bg5
{[%clk 0:02:14]} 46. Nc8 {[%clk 0:00:21]} Bd8 {[%clk 0:02:11]} 47. Na7
{[%clk 0:00:13]} f4 {[%clk 0:01:42]} 48. hxg4 {[%clk 0:00:18]} hxg4
{[%clk 0:01:51]} 49. Kd3 {[%clk 0:00:16]} f3 {[%clk 0:01:49]} 50. gxf3
{[%clk 0:00:24]} g3 {[%clk 0:01:58]} 51. Ke2 {[%clk 0:00:33]} Bb6
{[%clk 0:01:30]} 52. Nc8 {[%clk 0:00:15]} g2 {[%clk 0:01:36]} 53. Nxb6
{[%clk 0:00:23]} g1=Q {[%clk 0:01:42]} 0-1

[Event "Turniej Przyjazni Polsko-Wegierskiej"]
[Site "Katowice"]
[Date "2018.05.05"]
[Round "4.11"]
[White "Pakleza, Zbigniew"]
[Black "Rawicz, Karol"]
[Result "1-0"]
[BlackElo "2134"]
[WhiteElo "2549"]
[LiveChessVersion "1.4.8"]

1. d4 {[%clk 0:15:19]} d5 {[%clk 0:15:18]} 2. Bf4 {[%clk 0:15:27]} c5
{[%clk 0:15:12]} 3. e3 {[%clk 0:15:36]} Nc6 {[%clk 0:14:59]} 4. c3
{[%clk 0:15:45]} Qb6 {[%clk 0:14:37]} 5. Qb3 {[%clk 0:15:53]} c4 {[%clk 0:14:28]}
6. Qc2 {[%clk 0:16:01]} Bf5 {[%clk 0:14:11]} 7. Qxf5 {[%clk 0:16:10]} Qxb2
{[%clk 0:13:57]} 8. Qxd5 {[%clk 0:16:19]} Qxa1 {[%clk 0:08:02]} 9. Qb5
{[%clk 0:16:27]} O-O-O {[%clk 0:07:26]} 10. Bxc4 {[%clk 0:16:35]} e5
{[%clk 0:04:36]} 11. Bg3 {[%clk 0:15:51]} Bb4 {[%clk 0:03:53]} 12. Bd3
{[%clk 0:15:51]} Bxc3+ {[%clk 0:03:18]} 13. Ke2 {[%clk 0:13:38]} Qb2+
{[%clk 0:01:15]} 14. Qxb2 {[%clk 0:13:44]} Bxb2 {[%clk 0:01:24]} 15. Nf3
{[%clk 0:13:36]} f6 {[%clk 0:01:16]} 16. Nbd2 {[%clk 0:11:40]} Nge7
{[%clk 0:01:20]} 17. Nc4 {[%clk 0:11:07]} Bc3 {[%clk 0:01:28]} 18. Rc1
{[%clk 0:11:16]} exd4 {[%clk 0:01:01]} 19. Nd6+ {[%clk 0:11:24]} Kd7
{[%clk 0:00:31]} 20. Nxb7 {[%clk 0:11:28]} Rc8 {[%clk 0:00:23]} 21. Nc5+
{[%clk 0:11:15]} Ke8 {[%clk 0:00:32]} 22. Ba6 {[%clk 0:11:24]} Rd8
{[%clk 0:00:28]} 23. Ne6 {[%clk 0:11:17]} Rd5 {[%clk 0:00:34]} 24. Nc7+
{[%clk 0:11:25]} Kd7 {[%clk 0:00:27]} 25. Nxd5 {[%clk 0:11:33]} Nxd5
{[%clk 0:00:35]} 26. Bb5 {[%clk 0:11:06]} dxe3 {[%clk 0:00:23]} 27. fxe3
{[%clk 0:10:14]} Re8 {[%clk 0:00:19]} 28. Rd1 {[%clk 0:10:00]} Rxe3+
{[%clk 0:00:13]} 29. Kf2 {[%clk 0:10:06]} 1-0

[Event "Turniej Przyjazni Polsko-Wegierskiej"]
[Site "Katowice"]
[Date "2018.05.05"]
[Round "4.12"]
[White "Mista, Aleksander"]
[Black "Walter, Szymon"]
[Result "1/2-1/2"]
[BlackElo "2132"]
[WhiteElo "2548"]
[LiveChessVersion "1.4.8"]

1. e4 {[%clk 0:15:19]} c5 {[%clk 0:15:18]} 2. Nf3 {[%clk 0:15:28]} d6
{[%clk 0:15:25]} 3. d4 {[%clk 0:15:37]} cxd4 {[%clk 0:15:32]} 4. Nxd4
{[%clk 0:15:45]} Nf6 {[%clk 0:15:39]} 5. Nc3 {[%clk 0:15:54]} a6 {[%clk 0:15:48]}
6. Be3 {[%clk 0:16:02]} e5 {[%clk 0:15:54]} 7. Nb3 {[%clk 0:16:11]} Be6
{[%clk 0:16:00]} 8. f3 {[%clk 0:16:20]} h5 {[%clk 0:16:08]} 9. Qd2
{[%clk 0:16:23]} Nbd7 {[%clk 0:16:12]} 10. Nd5 {[%clk 0:16:32]} Bxd5
{[%clk 0:16:10]} 11. exd5 {[%clk 0:16:40]} Nb6 {[%clk 0:15:59]} 12. c4
{[%clk 0:15:53]} Be7 {[%clk 0:12:46]} 13. Be2 {[%clk 0:14:52]} O-O
{[%clk 0:11:38]} 14. O-O {[%clk 0:14:59]} Rc8 {[%clk 0:11:31]} 15. Rac1
{[%clk 0:15:04]} Nbd7 {[%clk 0:10:58]} 16. Na5 {[%clk 0:14:34]} Rc7
{[%clk 0:10:35]} 17. b4 {[%clk 0:14:33]} Ne8 {[%clk 0:09:24]} 18. f4
{[%clk 0:13:35]} exf4 {[%clk 0:09:19]} 19. Bxf4 {[%clk 0:13:43]} g6
{[%clk 0:08:59]} 20. c5 {[%clk 0:13:40]} g5 {[%clk 0:05:58]} 21. Bg3
{[%clk 0:12:51]} h4 {[%clk 0:05:45]} 22. Bxd6 {[%clk 0:07:51]} Nxd6
{[%clk 0:05:40]} 23. cxd6 {[%clk 0:07:59]} Rxc1 {[%clk 0:05:26]} 24. Rxc1
{[%clk 0:07:39]} Bxd6 {[%clk 0:05:25]} 25. Nxb7 {[%clk 0:07:39]} Qb6+
{[%clk 0:05:24]} 26. Nc5 {[%clk 0:07:47]} Bf4 {[%clk 0:05:17]} 27. Qc3
{[%clk 0:07:30]} Nf6 {[%clk 0:01:39]} 28. Rd1 {[%clk 0:07:19]} a5
{[%clk 0:01:38]} 29. a3 {[%clk 0:07:01]} axb4 {[%clk 0:01:32]} 30. axb4
{[%clk 0:07:08]} Re8 {[%clk 0:01:19]} 31. Kf1 {[%clk 0:06:29]} Qd6
{[%clk 0:00:57]} 32. Qc4 {[%clk 0:05:01]} Bxh2 {[%clk 0:01:02]} 33. Bf3
{[%clk 0:05:03]} h3 {[%clk 0:00:24]} 34. gxh3 {[%clk 0:04:35]} Re3
{[%clk 0:00:33]} 35. Rd3 {[%clk 0:03:59]} Qe5 {[%clk 0:00:32]} 36. Qc1
{[%clk 0:02:45]} Rxd3 {[%clk 0:00:34]} 37. Nxd3 {[%clk 0:02:53]} Qf5
{[%clk 0:00:27]} 38. Kg2 {[%clk 0:01:19]} Qxd3 {[%clk 0:00:28]} 39. Qxg5+
{[%clk 0:01:27]} Kf8 {[%clk 0:00:38]} 40. Qxf6 {[%clk 0:01:19]} Qd2+
{[%clk 0:00:46]} 41. Kf1 {[%clk 0:00:38]} Bg3 {[%clk 0:00:55]} 42. Be2
{[%clk 0:00:23]} Qxd5 {[%clk 0:00:53]} 43. Qf3 {[%clk 0:00:26]} Qxf3+
{[%clk 0:00:56]} 44. Bxf3 {[%clk 0:00:35]} Bd6 {[%clk 0:01:04]} 45. b5
{[%clk 0:00:45]} Bc5 {[%clk 0:01:14]} 46. Ke2 {[%clk 0:00:53]} Kg7
{[%clk 0:01:22]} 47. Kd3 {[%clk 0:01:03]} f6 {[%clk 0:01:18]} 48. Ke4
{[%clk 0:01:11]} Kf7 {[%clk 0:01:21]} 49. Kd5 {[%clk 0:01:16]} Be3
{[%clk 0:01:28]} 50. Kc6 {[%clk 0:01:25]} Kg7 {[%clk 0:01:37]} 51. Be4
{[%clk 0:01:33]} f5 {[%clk 0:01:30]} 52. Bxf5 {[%clk 0:01:42]} Kf6
{[%clk 0:01:38]} 53. Bd3 {[%clk 0:01:49]} Kg7 {[%clk 0:01:48]} 54. Kd5
{[%clk 0:01:54]} Kh8 {[%clk 0:01:55]} 55. Kc6 {[%clk 0:02:01]} Kg7
{[%clk 0:02:05]} 56. b6 1/2-1/2